000 00574nam a2200229Ia 4500
003 OSt
005 20250811094213.0
008 210210b2011 xxu||||| |||| 00| 0 eng d
020 _a97812596003905
040 _cAL
041 _aeng
082 _a001.6424H MCGH
100 _aMcGrath Mike
_9234972
245 _aHTML 5
_b: in easy steps
260 _aNew Delhi
_bTata McGraw-Hill Publishing Company Ltd.
_c2011
300 _a240p
650 _asteps
_9234973
650 _aHTML
_9234975
690 _aComputer Science
_9234978
906 _a066707
942 _2ddc
_cBK
999 _c149156
_d149156